Боевая и трудовая слава РФЯЦ-ВНИИЭФ. Ч. 4: Участники ликвидации последствий аварии на Чернобыльской АЭС 1986-1990 гг. (Запись № 11519682)
[ простой вид ]
| 000 -МАРКЕР | |
|---|---|
| контрольное поле | 02380nam2a2200337 i 4500 |
| 001 - ИДЕНТИФИКАТОР ЗАПИСИ | |
| контрольное поле | RU\NLR\BIBL_A\011403222 |
| 005 - ИДЕНТИФИКАТОР ВЕРСИИ | |
| контрольное поле | 20260407045852.0 |
| 010 ## - МЕЖДУНАРОДНЫЙ СТАНДАРТНЫЙ НОМЕР КНИГИ (ISBN) | |
| Номер (ISBN) | 9785951503336 |
| Тираж | 750 |
| 021 ## - НОМЕР ГОСУДАРСТВЕННОЙ РЕГИСТРАЦИИ | |
| Код страны | Российская Федерация |
| Номер | 2017-38026 |
| Номер Листа государственной регистраци | 2782 |
| 035 ## - ДРУГИЕ СИСТЕМНЫЕ НОМЕРА | |
| Идентификатор записи | (NLR Aleph) 011403222 |
| 100 ## - ДАННЫЕ ОБЩЕЙ ОБРАБОТКИ | |
| Данные общей обработки | 20170609d2016 u y0rusy50 ca |
| 101 0# - ЯЗЫК РЕСУРСА | |
| Язык текста, звукозаписи и т.д. | русский |
| 102 ## - СТРАНА ПУБЛИКАЦИИ ИЛИ ПРОИЗВОДСТВА | |
| Страна публикации | Российская Федерация |
| 105 ## - ПОЛЕ КОДИРОВАННЫХ ДАННЫХ: ТЕКСТОВЫЕ МАТЕРИАЛЫ, МОНОГРАФИЧЕСКИЕ | |
| Кодированные данные о монографическом текстовом документе | ach|g|||001yd |
| 200 1# - ЗАГЛАВИЕ И СВЕДЕНИЯ ОБ ОТВЕТСТВЕННОСТИ | |
| Основное заглавие | Участники ликвидации последствий аварии на Чернобыльской АЭС 1986-1990 гг. |
| Первые сведения об ответственности | [редакционная коллегия: В.К. Иванов (главный редактор) и др.] |
| 210 ## - ПУБЛИКАЦИЯ, РАСПРОСТРАНЕНИЕ И ДР. | |
| Дата издания, распространения и т.д. | 2016 |
| 215 ## - ФИЗИЧЕСКАЯ ХАРАКТЕРИСТИКА | |
| Специфическое обозначение материала и объем | 321 с. |
| Другие сведения о физической характеристике | ил., цв. ил., портр., факс. |
| 320 ## - ПРИМЕЧАНИЯ О НАЛИЧИИ В ДОКУМЕНТЕ БИБЛИОГРАФИИ / УКАЗАТЕЛЯ | |
| Текст примечания | Алф. указ.: с. 316-320 |
| 461 #0 - УРОВЕНЬ НАБОРА | |
| Встроенное поле | 001RU\NLR\bibl\2058722 |
| -- | 2001#$aБоевая и трудовая слава РФЯЦ-ВНИИЭФ$eКнига Памяти$fФГУП "Рос. федер. ядер. центр - Всерос. НИИ эксперим. физики"$g[сост.: к.филол.н. О.Ю. Смирнова и др.$gредкол.: Ю.М. Якимов (гл. ред.) и др.]$vЧ. 4 |
| Системный номер (АБИС) связанной записи | 4616616 |
| Место публикации | Саров |
| Дата публикации | 2013 |
| Первые сведения об ответственности | ФГУП "Рос. федер. ядер. центр - Всерос. НИИ эксперим. физики" |
| Имя издателя, распространителя и т.д. | ФГУП "РФЯЦ-ВНИИЭФ" |
| Сведения, относящиеся к заглавию | Книга Памяти |
| Заглавие | Боевая и трудовая слава РФЯЦ-ВНИИЭФ |
| ISBN | 978-5-9515-0219-3 |
| Номер тома | Ч. 4 |
| 601 02 - НАИМЕНОВАНИЕ ОРГАНИЗАЦИИ КАК ПРЕДМЕТ | |
| Начальный элемент ввода | Чернобыльская атомная электрическая станция |
| Идентифицирующий признак | Припять, город; Украина |
| Формальный подзаголовок | Книги памяти |
| Тематический подзаголовок | Авария |
| -- | Последствия |
| -- | Ликвидация |
| -- | Герои и героизм |
| Географический подзаголовок | Нижегородская область |
| Системный номер авторитетной/нормативной записи | 2549408 |
| Идентификатор авторитетной/нормативной записи | RU\NLR\AUTH\661508690 |
| 686 1# - ИНДЕКСЫ ДРУГИХ КЛАССИФИКАЦИЙ | |
| Индекс | Ц69,6(2)0-243д(2Р-4Ни) |
| 702 #1 - ИМЯ ЛИЦА - ВТОРИЧНАЯ ОТВЕТСТВЕННОСТЬ | |
| Код отношения | Редактор |
| Графика поля | Кириллица |
| Материалы, к которым относится поле | rus |
| Начальный элемент ввода | Иванов |
| Часть имени, кроме начального элемента ввода | В. К. |
| Дополнения к именам, кроме дат | д-р техн. наук, лучевая терапия |
| Даты | 1952- |
| Расширение инициалов личного имени | Виктор Константинович |
| Системный номер авторитетной/нормативной записи | 4510 |
| Идентификатор авторитетной/нормативной записи | RU\NLR\AUTH\7721448 |
| 711 02 - НАИМЕНОВАНИЕ ОРГАНИЗАЦИИ - АЛЬТЕРНАТИВНАЯ ОТВЕТСТВЕННОСТЬ | |
| Начальный элемент ввода | Чернобыльская атомная электрическая станция |
| Идентифицирующий признак | Припять |
| Системный номер авторитетной/нормативной записи | 535432 |
| Идентификатор авторитетной/нормативной записи | RU\NLR\AUTH\8810018772 |
| 852 ## - МЕСТОНАХОЖДЕНИЕ И ШИФР ХРАНЕНИЯ | |
| Идентификатор организации | NLR |
| Шифр хранения (Call Number) | С 2013-5/37 |
| 942 ## - ДОПОЛНИТЕЛЬНЫЕ ЭЛЕМЕНТЫ ЗАПИСИ (АБИС) | |
| Тип экземпляра АБИС | Книга |
| 980 ## - КОЛЛЕКЦИЯ | |
| Название коллекции | НБР |
Нет доступных экземпляров.